North American Extreme Geography Quiz Stats

Quiz not verified by Sporcle

Challenge
Share
Tweet
Embed
Score 0/30 Timer 15:00
0 Plays Today
Extreme Place % Correct
Lowest pointDeath Valley, California
86.2%
Driest placeDeath Valley, California
86.2%
Hottest placeDeath Valley, California
86.2%
Longest river systemMississippi-Missouri-Jefferson Rivers
73.8%
Highest pointDenali (Mount McKinley), Alaska
70.8%
Largest lakeLake Superior
55.4%
Largest islandGreenland
40%
Largest waterfallNiagara Falls, Ontario/New York
40%
Largest treeGeneral Sherman Tree, California
32.3%
Longest caveMammoth Cave, Kentucky
30.8%
Deepest lakeGreat Slave Lake, Northwest Territories
27.7%
Strongest windMount Washington, New Hampshire
20%
Largest mountainMount Logan, Yukon
16.9%
Largest island in a lakeManitoulin Island, Ontario
13.8%
Largest volcanoYellowstone Caldera, Wyoming
13.8%
Extreme Place % Correct
Deepest sinkholeSótano del Barro, Mexico
13.8%
Deepest canyonHell's Canyon, Idaho
12.3%
Largest swampOkefenokee Swamp, Florida
12.3%
Oldest treeMethuselah, California
9.2%
Tallest treeHyperion, California
7.7%
Largest desertArctic Basin
6.2%
Tallest cliffMount Thor, Nunavut
4.6%
Coldest placeSnag, Yukon
4.6%
Rainiest placeHenderson Lake, British Columbia
3.1%
Oldest rockAcasta Gneiss, Northwest Territories
3.1%
Deepest harbourPrince Rupert, British Columbia
3.1%
Largest erraticBig Rock, Alberta
3.1%
Largest organismPando Aspen Grove, Utah
3.1%
Largest lake on an islandNettilling Lake, Nunavut
1.5%
Deepest caveCheve Cave, Mexico
1.5%

You're not logged in!

Compare scores with friends on all Sporcle quizzes.
Join for Free
OR
Log In

You Might Also Like...

Show Comments

Extras

Top Quizzes Today


Score Distribution

Your Account Isn't Verified!

In order to create a playlist on Sporcle, you need to verify the email address you used during registration. Go to your Sporcle Settings to finish the process.

Report this User

Report this user for behavior that violates our Community Guidelines.

Details: